| 000 | 00000nam##2200000za#4500 |
| 001 | 9.676493 |
| 003 | CaOODSP |
| 005 | 20210624225904 |
| 007 | cr ||||||||||| |
| 008 | 150407|2013||||xxc|||||o f|0| 0 eng|d |
| 020 | |a978-1-100-54517-2 |
| 040 | |aCaOODSP|beng |
| 041 | |aeng |
| 041 | |afre |
| 043 | |an-cn--- |
| 086 | 1 |aR3-172/1-2012-PDF |
| 110 | 1 |aCanada. |bAboriginal Affairs and Northern Development Canada. |
| 245 | 10|aStained glass window in Parliament commemorating the legacy of Indian residential schools : |h[electronic resource]|bcolouring book |
| 260 | |aOttawa - Ontario : |bAboriginal Affairs and Northern Development Canada |cc2013. |
| 300 | |a17p.|billus. |
| 590 | |a15-13|b2015-03-27 |
| 792 | |tVitrail au Parlement commémorant les séquelles des pensionnats indiens : |efre|w(CaOODSP)9.676494 |
| 856 | 40|ahttp://publications.gc.ca|qPDF|s6.56 MB|uhttps://publications.gc.ca/collections/collection_2015/aadnc-aandc/R3-172-1-2012.pdf |
| 986 | |aQS-6292-000-EE-A1 |